[Event "Arab-ch (Women)"]
[Site "Khartoum"]
[Date "2023.03.04"]
[Round "8"]
[White "Faqeeh, Yara"]
[Black "Boshra, Alshaeby"]
[Result "0-1"]
[WhiteElo "1423"]
[BlackElo "1897"]
[PlyCount "71"]
[EventDate "2023.02.26"]
[EventType "swiss"]
[EventRounds "9"]
[EventCountry "SUD"]
[SourceTitle "CBM 213 Extra"]
[Source "ChessBase"]
[SourceDate "2023.05.31"]
[SourceVersion "1"]
[SourceVersionDate "2023.05.31"]
[SourceQuality "1"]

1. d4 Nf6 2. Bf4 g6 3. Nf3 Bg7 4. e3 d6 5. Be2 Nbd7 6. Nbd2 b6 7. h3 Bb7 8. c4 0-0 9. 0-0 a6 10. Qc2 Qe8 11. Rfe1 e5 12. Bh2 e4 13. Nh4 Qe7 14. g3 Kh8 15. f3 c5 16. d5 exf3 17. Bxf3 a5 18. Rab1 a4 19. b3 b5 20. b4 cxb4 21. Be2 Bc8 22. Kg2 Ne4 23. Bf1 f5 24. Kh1 g5 25. Ng2 Bb2 26. Qxb2+ Qe5 27. Qxe5+ Nxe5 28. Rb2 Nf3 29. Bd3 Bd7 30. h4 h6 31. Re2 Rfb8 32. g4 Nxh2 33. Kxh2 Nf6 34. Ne4 Kg7 35. Ne1 Nxe4 36. Bxe4 0-1

[Event "Arab-ch (Women)"]
[Site "Khartoum"]
[Date "2023.03.02"]
[Round "6"]
[White "Mahmoud Youssef, Noha"]
[Black "Faqeeh, Yara"]
[Result "1-0"]
[WhiteElo "1619"]
[BlackElo "1423"]
[PlyCount "131"]
[EventDate "2023.02.26"]
[EventType "swiss"]
[EventRounds "9"]
[EventCountry "SUD"]
[SourceTitle "CBM 213 Extra"]
[Source "ChessBase"]
[SourceDate "2023.05.31"]
[SourceVersion "1"]
[SourceVersionDate "2023.05.31"]
[SourceQuality "1"]

1. e4 g6 2. d4 Bg7 3. g3 d6 4. Bg2 Nd7 5. Nc3 Ngf6 6. Nge2 0-0 7. 0-0 e5 8. h3 Rb8 9. a4 a5 10. Be3 b6 11. Nb5 Bb7 12. Qd3 Re8 13. d5 Nc5 14. Bxc5 bxc5 15. Rfd1 Qd7 16. c4 Rf8 17. Qc3 Ra8 18. Nc1 Ra6 19. Nb3 Rfa8 20. Qe3 Ne8 21. Kh2 f5 22. h4 f4 23. Qf3 Bc8 24. Rd3 Qe7 25. Rh1 Nf6 26. gxf4 exf4 27. Qxf4 Nh5 28. Qd2 Qxh4+ 29. Kg1 Qe7 30. Bf3 Nf6 31. Qf4 Bb7 32. Nxc5 Rb6 33. Ne6 Rc8 34. b3 Ba6 35. Na7 Re8 36. Nxg7 Qxg7 37. Nb5 Bxb5 38. axb5 g5 39. Qh2 g4 40. Bg2 h5 41. Qh4 Re5 42. f4 gxf3 43. Rxf3 Rg5 44. Rh2 Rg4 45. Qxf6 Qxf6 46. Rxf6 h4 47. Rh6 Rb8 48. R2xh4 Rxh4 49. Rxh4 Rf8 50. Bh3 Rf3 51. Be6+ Kg7 52. Rh3 Rf4 53. Re3 Kf6 54. Kg2 Ke5 55. Kg3 Rxe4 56. Rxe4+ Kxe4 57. c5 dxc5 58. d6 cxd6 59. b6 Ke5 60. Bg8 d5 61. b7 d4 62. b8Q+ Ke4 63. Qf4+ Kd3 64. Bc4+ Kc3 65. Qc1+ Kb4 66. Qd2+ 1-0

[Event "Online Olym Div4 D"]
[Site "Chess.com INT"]
[Date "2020.08.02"]
[Round "8.4"]
[White "Faqeeh, Yara"]
[Black "Morales Santos, Natasha"]
[Result "0-1"]
[WhiteElo "1423"]
[BlackElo "1949"]
[PlyCount "112"]
[EventDate "2020.07.31"]
[EventType "team-tourn (rapid)"]
[EventRounds "9"]
[EventCountry "USA"]
[SourceTitle "CBM 198"]
[Source "ChessBase"]
[SourceDate "2020.10.31"]
[SourceVersion "1"]
[SourceVersionDate "2020.10.31"]
[SourceQuality "1"]
[WhiteTeam "Palestine"]
[BlackTeam "Puerto Rico"]
[WhiteTeamCountry "PLE"]
[BlackTeamCountry "PUR"]

1. d4 e6 2. Bf4 f5 3. Nf3 Nf6 4. h3 d5 5. e3 Bd6 6. Bxd6 Qxd6 7. a3 Nbd7 8. c4 c6 9. Nc3 0-0 10. Be2 Ne4 11. 0-0 Kh8 12. c5 Qc7 13. Nd2 e5 14. Ndxe4 fxe4 15. b4 exd4 16. exd4 Nf6 17. Qd2 Bf5 18. Nd1 Bg6 19. Ne3 Qf4 20. Rad1 Rae8 21. a4 Bh5 22. Bxh5 Nxh5 23. Ng4 Qxd2 24. Rxd2 Nf4 25. Ne5 Kg8 26. Kh2 Ne6 27. Rfd1 Rf5 28. f3 Nxd4 29. Rxd4 Rfxe5 30. fxe4 Rxe4 31. b5 Kf7 32. R1d3 Rxd4 33. Rxd4 Re4 34. Rxe4 dxe4 35. Kg3 Ke6 36. Kf4 Kd5 37. Ke3 a6 38. bxa6 bxa6 39. g4 Ke5 40. h4 Kd5 41. h5 Ke5 42. g5 g6 43. hxg6 hxg6 44. a5 Kf5 45. Ke2 Kxg5 46. Ke3 Kf5 47. Kf2 Kf4 48. Ke1 Ke3 49. Kf1 Kd2 50. Kf2 e3+ 51. Kf3 e2 52. Kf4 e1Q 53. Kg5 Qf2 54. Kxg6 Qf4 55. Kg7 Qf5 56. Kg8 Qd7 0-1

[Event "Online Olym Div4 D"]
[Site "Chess.com INT"]
[Date "2020.07.31"]
[Round "3.5"]
[White "Bobrova, Lubov Leonidovna"]
[Black "Faqeeh, Yara"]
[Result "1/2-1/2"]
[WhiteElo "1403"]
[BlackElo "1423"]
[PlyCount "104"]
[EventDate "2020.07.31"]
[EventType "team-tourn (rapid)"]
[EventRounds "9"]
[EventCountry "USA"]
[SourceTitle "CBM 198"]
[Source "ChessBase"]
[SourceDate "2020.10.31"]
[SourceVersion "1"]
[SourceVersionDate "2020.10.31"]
[SourceQuality "1"]
[WhiteTeam "Senegal"]
[BlackTeam "Palestine"]
[WhiteTeamCountry "SEN"]
[BlackTeamCountry "PLE"]

1. d4 g6 2. c4 Bg7 3. Nf3 d6 4. e3 Nd7 5. Be2 Ngf6 6. Nc3 0-0 7. b3 c5 8. Bb2 b6 9. 0-0 cxd4 10. Nxd4 Bb7 11. Bf3 Bxf3 12. Nxf3 Nc5 13. Rb1 Rc8 14. Nd5 Ncd7 15. Qd3 e6 16. Nxf6+ Nxf6 17. Rfd1 d5 18. cxd5 Nxd5 19. Nd4 Nb4 20. Qe4 Qd5 21. Qxd5 Nxd5 22. g3 Rfd8 23. Rdc1 Rxc1+ 24. Rxc1 Nb4 25. Ba3 Bxd4 26. Bxb4 Be5 27. Rc2 Rd7 28. Kg2 a5 29. Bc3 Bxc3 30. Rxc3 Rd6 31. a4 Kg7 32. f4 Kf6 33. h4 e5 34. Kf3 h6 35. g4 exf4 36. exf4 Ke6 37. Ke4 Kd7 38. Rd3 Rxd3 39. Kxd3 Kd6 40. Kd4 f6 41. Kc4 Kc6 42. b4 axb4 43. Kxb4 f5 44. h5 gxh5 45. gxh5 Kd6 46. Kb5 Kc7 47. Kc4 Kc6 48. Kd4 Kd6 49. Kc4 Kc6 50. Kb4 Kd6 51. Kb5 Kc7 52. Kc4 Kc6 1/2-1/2

[Event "Olympiad Women-43"]
[Site "Batumi"]
[Date "2018.10.04"]
[Round "10.3"]
[White "Faqeeh, Yara"]
[Black "Sara, Gadalla Karar"]
[Result "1-0"]
[WhiteElo "1451"]
[BlackElo "1446"]
[PlyCount "53"]
[EventDate "2018.09.24"]
[EventType "team-swiss"]
[EventRounds "11"]
[EventCountry "GEO"]
[SourceTitle "EXT 2020"]
[Source "ChessBase"]
[SourceDate "2019.10.17"]
[SourceVersion "1"]
[SourceVersionDate "2019.10.17"]
[SourceQuality "1"]
[WhiteTeam "Palestine (W)"]
[BlackTeam "Sudan (W)"]
[WhiteTeamCountry "PLE"]
[BlackTeamCountry "SUD"]

1. d4 d5 2. c4 c6 3. e3 Nf6 4. Nc3 dxc4 5. Bxc4 Bf5 6. Qb3 Qc7 7. Bxf7+ Kd8 8. Nf3 Ne4 9. Nxe4 Bxe4 10. Ng5 Bf5 11. e4 Bd7 12. e5 Qa5+ 13. Bd2 Qb6 14. Bc3 Qxb3 15. Bxb3 Kc8 16. Nf7 Rg8 17. Nd6+ exd6 18. Bxg8 dxe5 19. dxe5 Bf5 20. 0-0 Na6 21. Rfe1 Nc5 22. e6 Kd8 23. Rad1+ Ke7 24. Bb4 Kf6 25. Bc3+ Ke7 26. b4 Nxe6 27. Re5 1-0

[Event "Olympiad Women-43"]
[Site "Batumi"]
[Date "2018.10.01"]
[Round "7.63"]
[White "Faqeeh, Yara"]
[Black "Nuha, Rilwan"]
[Result "1-0"]
[WhiteElo "1451"]
[BlackElo "1053"]
[PlyCount "169"]
[EventDate "2018.09.24"]
[EventType "team-swiss"]
[EventRounds "11"]
[EventCountry "GEO"]
[SourceTitle "EXT 2020"]
[Source "ChessBase"]
[SourceDate "2019.10.17"]
[SourceVersion "1"]
[SourceVersionDate "2019.10.17"]
[SourceQuality "1"]
[WhiteTeam "Palestine (W)"]
[BlackTeam "Maldives (W)"]
[WhiteTeamCountry "PLE"]
[BlackTeamCountry "MDV"]

1. d4 Nf6 2. c4 e6 3. Nc3 Bb4 4. Bg5 h6 5. Bf4 Ne4 6. Qc2 Nxc3 7. bxc3 Be7 8. e4 d6 9. Nf3 c5 10. Be2 0-0 11. 0-0 b6 12. Rfd1 Bb7 13. Rab1 Na6 14. Ne1 Qc7 15. Bg3 Rad8 16. f4 f5 17. e5 Rd7 18. Bf3 Rfd8 19. Bxb7 Qxb7 20. Nf3 Nb8 21. Qe2 cxd4 22. cxd4 d5 23. c5 b5 24. Rxb5 Qa6 25. Rd2 Nc6 26. Rbb2 Qxe2 27. Rxe2 Rb8 28. Rxb8+ Nxb8 29. Rb2 Nc6 30. Be1 Bd8 31. a3 a5 32. Rb5 Ra7 33. Bc3 Kf7 34. Ne1 g5 35. g3 g4 36. Nc2 Kg6 37. a4 Ra8 38. Kg2 Rb8 39. Na3 Ra8 40. Rb7 Ra7 41. Rb5 Ra8 42. Rb2 Rb8 43. Nb5 Rb7 44. h3 h5 45. Rb1 Re7 46. Nd6 Ra7 47. Rb5 Ra8 48. Kh2 Rb8 49. Rxb8 Nxb8 50. Nb7 Nc6 51. Nxd8 Nxd8 52. Bxa5 Nc6 53. Bc3 Kf7 54. h4 Ke8 55. Kg2 Kd7 56. Kf2 Kc7 57. Ke3 Kb7 58. Kd3 Ka6 59. Kc2 Kb7 60. Kb3 Ka6 61. Ka3 Kb7 62. a5 Ka7 63. Kb3 Ka6 64. Ka4 Ka7 65. Kb5 Kb7 66. a6+ Kc7 67. Ba5+ Nxa5 68. Kxa5 Kc6 69. a7 Kb7 70. Kb5 Kxa7 71. Kc6 Ka6 72. Kd7 Kb5 73. c6 Kc4 74. c7 Kxd4 75. c8Q Ke4 76. Qc2+ Kf3 77. Qd3+ Kg2 78. Kxe6 d4 79. Kd5 Kh3 80. e6 Kh2 81. e7 Kh3 82. e8Q Kh2 83. Qe1 Kg2 84. Qdf1+ Kh2 85. Qef2# 1-0

[Event "Arab-ch (Women)"]
[Site "Sharjah"]
[Date "2018.01.28"]
[Round "3"]
[White "Ibtihal, Mohammed"]
[Black "Faqeeh, Yara"]
[Result "0-1"]
[WhiteElo "1505"]
[BlackElo "1461"]
[PlyCount "76"]
[EventDate "2018.01.27"]
[EventType "swiss"]
[EventRounds "9"]
[EventCountry "UAE"]
[SourceTitle "EXT 2019"]
[Source "ChessBase"]
[SourceDate "2018.10.10"]
[SourceVersion "1"]
[SourceVersionDate "2018.10.10"]
[SourceQuality "1"]

1. d4 Nf6 2. Bf4 g6 3. c4 Bg7 4. Nc3 d6 5. Nf3 Nbd7 6. e3 0-0 7. Be2 Nh5 8. Bg3 Nxg3 9. hxg3 e5 10. d5 f5 11. e4 Nc5 12. Qc2 fxe4 13. Nxe4 Bf5 14. Bd3 Nxd3+ 15. Qxd3 Rc8 16. Qe3 c6 17. dxc6 Qa5+ 18. Nfd2 Bxe4 19. Qxe4 bxc6 20. Qe3 Qb6 21. Qxb6 axb6 22. Ne4 d5 23. cxd5 cxd5 24. Ng5 h6 25. Ne6 Rfe8 26. Nxg7 Kxg7 27. Kd2 h5 28. Rac1 Kf6 29. Rhe1 g5 30. f3 Kf5 31. Rxc8 Rxc8 32. Rc1 Rxc1 33. Kxc1 e4 34. Kd2 exf3 35. gxf3 h4 36. g4+ Kf4 37. Ke2 h3 38. Kf2 d4 0-1

[Event "Olympiad Women-42"]
[Site "Baku"]
[Date "2016.09.05"]
[Round "4.61"]
[White "Faqeeh, Yara"]
[Black "Salim Moussa, Seydi"]
[Result "0-1"]
[WhiteElo "1499"]
[BlackElo "1668"]
[PlyCount "52"]
[EventDate "2016.09.02"]
[EventType "team-swiss"]
[EventRounds "11"]
[EventCountry "AZE"]
[SourceTitle "CBM 174 Extra"]
[Source "ChessBase"]
[SourceDate "2016.10.10"]
[SourceVersion "1"]
[SourceVersionDate "2016.10.10"]
[SourceQuality "1"]
[WhiteTeam "Palestine (W)"]
[BlackTeam "Netherlands Antilles (W)"]
[WhiteTeamCountry "PLE"]
[BlackTeamCountry "AHO"]

1. d4 d6 2. c4 g6 3. Nc3 Bg7 4. e4 Nf6 5. Bd3 0-0 6. Nge2 Nc6 7. 0-0 e5 8. d5 Ne7 9. Bg5 h6 10. Bh4 Ne8 11. f3 f5 12. Bf2 f4 13. b4 g5 14. Kh1 Ng6 15. Rg1 Nh4 16. Bxh4 gxh4 17. Qe1 Qg5 18. Qf2 Nf6 19. g3 hxg3 20. hxg3 Qh5+ 21. Qh2 Qxf3+ 22. Rg2 Ng4 23. Qg1 Qxd3 24. Rd1 Qxc4 25. gxf4 exf4 26. Rf1 f3 0-1

[Event "Olympiad Women-42"]
[Site "Baku"]
[Date "2016.09.03"]
[Round "2.48"]
[White "Odinaeva, Saodat"]
[Black "Faqeeh, Yara"]
[Result "1-0"]
[WhiteElo "1881"]
[BlackElo "1499"]
[PlyCount "71"]
[EventDate "2016.09.02"]
[EventType "team-swiss"]
[EventRounds "11"]
[EventCountry "AZE"]
[SourceTitle "CBM 174 Extra"]
[Source "ChessBase"]
[SourceDate "2016.10.10"]
[SourceVersion "1"]
[SourceVersionDate "2016.10.10"]
[SourceQuality "1"]
[WhiteTeam "Tajikistan (W)"]
[BlackTeam "Palestine (W)"]
[WhiteTeamCountry "TJK"]
[BlackTeamCountry "PLE"]

1. Nf3 Nf6 2. d4 g6 3. Bf4 Bg7 4. e3 0-0 5. Bd3 d6 6. Nbd2 Nbd7 7. 0-0 c5 8. c3 a6 9. a4 Rb8 10. Qe2 Nh5 11. Bg5 h6 12. Bh4 Nhf6 13. h3 Nd5 14. Bg3 Nc7 15. c4 b6 16. Rab1 Bb7 17. d5 a5 18. e4 Ne8 19. Nh4 Ne5 20. f4 Nxd3 21. Qxd3 Nf6 22. e5 dxe5 23. fxe5 Nh5 24. e6 fxe6 25. Rxf8+ Qxf8 26. Nxg6 Qf6 27. Bxb8 Qd4+ 28. Qxd4 Bxd4+ 29. Kh2 exd5 30. Nxe7+ Kg7 31. Nxd5 Bc8 32. Nf3 Bf5 33. Re1 Kg6 34. Nh4+ Kg5 35. Nxf5 Kxf5 36. b3 1-0

[Event "Muscat zt 3.1 (Women)"]
[Site "Muscat"]
[Date "2015.05.22"]
[Round "7"]
[White "Faqeeh, Yara"]
[Black "Mir Mahmoud, Afamia"]
[Result "0-1"]
[WhiteElo "1437"]
[BlackElo "1964"]
[PlyCount "64"]
[EventDate "2015.05.17"]
[EventType "tourn"]
[EventRounds "9"]
[EventCountry "OMN"]
[SourceTitle "CBM 166 Extra"]
[Source "ChessBase"]
[SourceDate "2015.06.18"]
[SourceVersion "1"]
[SourceVersionDate "2015.06.18"]
[SourceQuality "1"]

1. d4 d5 2. c4 e6 3. Nc3 Nf6 4. Nf3 c6 5. e3 Nbd7 6. Bd3 dxc4 7. Bxc4 b5 8. Bd3 Bb7 9. a3 a5 10. Qb3 Be7 11. Bd2 b4 12. axb4 axb4 13. Rxa8 Qxa8 14. Na2 c5 15. Be2 0-0 16. Nc1 Bd5 17. Qc2 Rc8 18. Qb1 c4 19. 0-0 b3 20. Rd1 Be4 21. Nd3 cxd3 22. Bf1 Bxf3 23. gxf3 Qxf3 24. Bg2 Qf5 25. f3 Qb5 26. Bc3 Nd5 27. Rxd3 Nxc3 28. bxc3 Qa4 29. Bf1 Qa2 30. Rd1 Qxb1 31. Rxb1 Rxc3 32. Kf2 Ba3 0-1

[Event "Olympiad Women-41"]
[Site "Tromsoe"]
[Date "2014.08.10"]
[Round "8.1"]
[White "Lyons, Kieran"]
[Black "Faqeeh, Yara"]
[Result "1-0"]
[WhiteElo "1811"]
[BlackElo "1410"]
[PlyCount "65"]
[EventDate "2014.08.02"]
[EventType "team-swiss"]
[EventRounds "11"]
[EventCountry "NOR"]
[SourceTitle "CBM 162"]
[Source "ChessBase"]
[SourceDate "2014.09.17"]
[SourceVersion "1"]
[SourceVersionDate "2014.09.17"]
[SourceQuality "1"]
[WhiteTeam "Fiji (W)"]
[BlackTeam "Palestine (W)"]
[WhiteTeamCountry "FIJ"]
[BlackTeamCountry "PLE"]

1. e4 e6 2. d4 d5 3. exd5 exd5 4. Nf3 Bd6 5. Bd3 Ne7 6. 0-0 0-0 7. Bg5 f6 8. Be3 c6 9. Nh4 g6 10. Bh6 Rf7 11. f4 Kh8 12. f5 g5 13. Qh5 Qg8 14. Ng6+ Nxg6 15. fxg6 Rc7 16. g7+ Rxg7 17. Bxg7+ Qxg7 18. Qe8+ Qg8 19. Qxg8+ Kxg8 20. Rxf6 Bf4 21. Rh6 Bc1 22. Na3 Bxb2 23. Re1 Bxd4+ 24. Kf1 Bd7 25. Re7 Bc5 26. Rexh7 Bxa3 27. Rh5 Bc1 28. Re7 c5 29. Rhh7 Bc6 30. Rhg7+ Kf8 31. Rgf7+ Kg8 32. Bh7+ Kh8 33. Rf8# 1-0